MARC details
| 000 -CABECERA |
| campo de control de longitud fija |
03530nam a2200289 i 4500 |
| 001 - NÚMERO DE CONTROL |
| campo de control |
000008408 |
| 003 - IDENTIFICADOR DEL NÚMERO DE CONTROL |
| campo de control |
DO-SdBNP |
| 005 - FECHA Y HORA DE LA ÚLTIMA TRANSACCIÓN |
| campo de control |
20250630100925.0 |
| 008 - DATOS DE LONGITUD FIJA--INFORMACIÓN GENERAL |
| campo de control de longitud fija |
101224s2002 dr 000 fbspa d |
| 040 ## - FUENTE DE LA CATALOGACIÓN |
| Centro catalogador/agencia de origen |
DO-SdBNP |
| Lengua de catalogación |
spa |
| Centro/agencia transcriptor |
BNPHU |
| Normas de descripción |
rda |
| 082 #4 - NÚMERO DE LA CLASIFICACIÓN DECIMAL DEWEY |
| Número de clasificación |
923.17293 |
| Número de documento/Ítem |
T866C |
| Número de edición |
22 |
| 100 1# - ENTRADA PRINCIPAL--NOMBRE DE PERSONA |
| Nombre de persona |
Collado, Lipe, |
| Fechas asociadas al nombre |
1947- |
| Término indicativo de función/relación |
autor |
| 9 (RLIN) |
79819 |
| 245 10 - MENCIÓN DE TÍTULO |
| Título |
Anécdotas y crueldades de Trujillo / |
| Mención de responsabilidad, etc. |
Lipe Collado. |
| 250 ## - MENCIÓN DE EDICIÓN |
| Mención de edición |
|
| 264 ## - PRODUCCIÓN, PUBLICACIÓN, DISTRIBUCIÓN, FABRICACIÓN Y COPYRIGHT |
| Producción, publicación, distribución, fabricación y copyright |
Santo Domingo : |
| Nombre del de productor, editor, distribuidor, fabricante |
Collado, |
| Fecha de producción, publicación, distribución, fabricación o copyright |
2002. |
| 300 ## - DESCRIPCIÓN FÍSICA |
| Extensión |
247 páginas ; |
| Dimensiones |
21 cm. |
| 336 ## - TIPO DE CONTENIDO |
| Término de tipo de contenido |
rdacontent |
| Código de tipo de contenido |
texto |
| Fuente |
txt |
| 337 ## - TIPO DE MEDIO |
| Nombre/término del tipo de medio |
rdamedia |
| Código del tipo de medio |
sin mediación |
| Fuente |
n |
| 338 ## - TIPO DE SOPORTE |
| Nombre/término del tipo de soporte |
rdacarrier |
| Código del tipo de soporte |
volumen |
| Fuente |
nc |
| 505 ## - NOTA DE CONTENIDO CON FORMATO |
| Nota de contenido con formato |
Presentación 5|La vida de Trujillo I-XXII|Las casas del Jefe 7|Gustos del tirano Trujillo 9|Sabía que lo matarían 11|Un muerto dando tumbos 15|Prohibido pitar 18|Una prostituta en el palacio 20|Una orden capicúa 24|Miedo al 13 27|Un carro sospechoso 29|Yo no quiero estar vivo 31|¿Y quién se atrevía? 33|¿Un disparo a Trujillo? 27|¿Feliz navidad? 40|¿Y van a seguir? 41|Fiesta en la casa enlutada 45|Ni flores, ni abrazos ni besos 47|Trujillo era avispado 49|Servicio doméstico 51|¡Perder el miedo! 53|El primer músico de la república 55|Una broma del tirano 58|Secuela de una conspiración 61|El jefe: de la bacinilla al catre 63|¡Prohibido retratar la papada! 68|El cantaclaro de Trujillo 71|Un psicópata llamado Trujillo 73|Trujillo se define 75|Una composición a la madre 76|Mi hija es suya 78|Es un maricón ... 80|Mi mujer y yo 83|Intrigantes profesionales 86|Dos problemas 89|Un preso con Trujillo 104|Abuelito tierno y bueno 106|¡Cobarde! ¡Pendejo! 108|Guisando un pollo 112|Colchones adinerados 114|La casa del cerro 116|La justicia del jefe 119|El epitafio de Trujillo 112|Flores en la tumba del jefe 124|Ropa y figura 129|Los brujos de Trujillo 131|Probando fidelidad 135|Un homenaje intolerable 139|Bolitas negras amanecieron blancas 141|La comprita de Trujillo 143|¡Mátenla, coño! 144|Un semicírculo siniestro 146|El tirano arrodillado 148|¿Quería Morir? 153|Las pullitas del tirano 156|¡Qué accidente más raro! 159|Los acorralados 162|Servicio especiales 165|Servicio especial 168|Trujillo no comió guandules 170|¿Qué hace usted aquí? 173|El susto de don Panchito 176|Especialización por aquí 179|Papeletas al granel 181|Trujillo: abuelito apoyador 183|Una ofensa al ejército 185|Una cartilla cívica 187|Nadie encima de él 190|...porque no saludó al jefe... 192|Por orden superior 194|Una fábrica de papeletas 196|Obsesión amorosa 198|Un gancho de Trujillo 201|Un abogado en obras públicas 203|Una inspiración del jefe 205|Invitación falsa 208|¿Quién es ese preso? 210|A los cinco días 212|La finca de un desafecto 214|Plátanos barahoneros por decreto 216|Brindo por el trabajo 218|Formando un partido 220|Lo renunciaron 223|Gobernador de Santiago 225|Rechazo a los prietos 227|El médico Trujillo 229|Un azaroso a Roma 231|Prohibido aplaudir 233|Las ametralladoras de Trujillo 235|Un donativo improcedente 237|Un repentismo curioso 240|Los tres sirenazos 242|Zanini resiste 243|Hasta a su mujer y a su madre 246| |
| 590 ## - NOTA LOCAL (RLIN) |
| Nota local |
Inventariado, 2024/DG |
| 600 10 - PUNTO DE ACCESO ADICIONAL DE MATERIA--NOMBRE DE PERSONA |
| Nombre de persona |
Trujillo Molina, Rafael Leónidas, |
| Fechas asociadas al nombre |
1891-1961 |
| Subdivisión de forma |
Anécdotas, chistes y sátiras, etc. |
| 9 (RLIN) |
22667 |
| 651 #4 - PUNTO DE ACCESO ADICIONAL DE MATERIA--NOMBRE GEOGRÁFICO |
| Nombre geográfico |
República Dominicana |
| Subdivisión general |
Política y gobierno |
| Subdivisión cronológica |
1930-1961 |
| Subdivisión de forma |
Anécdotas, chistes y sátiras, etc. |
| 9 (RLIN) |
22668 |
| 651 #0 - PUNTO DE ACCESO ADICIONAL DE MATERIA--NOMBRE GEOGRÁFICO |
| Nombre geográfico |
República Dominicana |
| Subdivisión general |
Historia |
| Subdivisión cronológica |
Era de Trujillo, 1930-1961 |
| Subdivisión de forma |
Anécdotas, chistes y sátiras, etc. |
| 9 (RLIN) |
78796 |
| 910 ## - DATOS DE OPCIÓN DEL USUARIO (OCLC) |
| Datos de opción del usuario |
DG |
| 942 ## - ELEMENTOS DE PUNTO DE ACCESO ADICIONAL (KOHA) |
| Fuente del sistema de clasificación o colocación |
Dewey Decimal Classification |
| Tipo de ítem Koha |
Libro |